02249naa a2200181 a 450000100080000000500110000800800410001910000170006024501170007726000090019452016360020365300290183965300250186865300180189370000210191170000170193277301180194911312322021-09-21 2021 bl uuuu u00u1 u #d1 aSILVA, F. M. aDiferentes densidades de robalo flecha criados em tanques rede marinhos no sul do Brasil.h[electronic resource] c2021 aForam avaliadas duas fases de crescimento de juvenis de robalo flecha (Centropomus undecimalis) sob tr??s diferentes densidades: 10, 20 e 40 peixes.m-??, em tanques rede no mar, com volume de 2,5 m??, e malha de 12 mm. Na fase I, robalos de 72,0 g e 21,2 cm foram criados por 270 dias. Na fase II, robalos de 204,6 g e 29,2 cm foram criados por 202 dias. A temperatura e salinidade m??dias da ??gua foram 24,3??C e 34,5, na Ilha de Santa Catarina, Brasil. O aumento da densidade n??o influenciou a taxa de sobreviv??ncia, 51,0% (fase I) e 88,7% (fase II). Os dados foram avaliados por modelos de regress??o. Com os resultados podemos concluir que a densidade influenciou no peso final e crescimento di??rio durante as duas fases do cultivo. A densidade de 20 peixes.m-?? proporcionou os melhores resultados, como peso corporal nas duas fases, 215,7 g e 364,7 g, respectivamente. A an??lise de regress??o sobre o peso final, evidenciou que densidades de 24 peixes.m-3 podem ser indicadas para crescimento de robalo nas condi????es atuais. Na etapa final, na densidade de 40 peixes.m-3 foi poss??vel atingir uma produtividade m??dia de 11,6 kg.m-3 com peso final acima das 300 g para o cultivo de robalo em tanque-rede no mar. A temperatura possuiu grande influ??ncia sobre crescimento e a sobreviv??ncia do robalo flecha ao longo do cultivo, podendo este ser um limitante para a produ????o desta esp??cie em regi??es de clima subtropical, como em Santa Catarina. N??o se recomenda o in??cio do povoamento e o manejo do robalo flecha em temperaturas abaixo de 20 ??C, com objetivo de evitar mortalidades, como observado neste estudo. aindicadores zoot??cnicos apiscicultura marinha aprodutividade1 aCERQUEIRA, V. R.1 aSILVA, B. C. tIn: CONGRESSO BRASILEIRO DE AQUICULTURA E BIOLOGIA AQU??TICA, 9., 2021, Online. Resumos... Manaus: Aquabio, 2021.